Detalles MARC
| 000 -LÍDER |
| Campo fijo de descripción fija |
01693nam a2200349 i 4500 |
| 001 - NÚMERO DE CONTROL |
| Campo de control |
768714001 |
| 003 - IDENTIFICADOR DEL NÚMERO DE CONTROL |
| Campo de control |
CO-MdFUSB |
| 005 - FECHA Y HORA DE LA ULTIMA TRANSACCIÓN |
| control field |
20240826170734.0 |
| 007 - CAMPO FIJO DE DESCRIPCIÓN FIJA--INFORMACIÓN GENERAL |
| Campo fijo de descripción fija |
ta |
| 008 - ELEMENTOS DE LONGITUD FIJA -- INFORMACIÓN GENERAL |
| Campo fijo de descripción fija -- Información general |
240604t1991 -us |||| |||| 001 0deng d |
| 020 ## - NÚMERO INTERNACIONAL NORMALIZADO PARA LIBROS |
| Número Internacional Normalizado del libro |
0-8006-2472-6 |
| 040 ## - FUENTE DE CATALOGACIÓN |
| Agencia de catalogación original |
CO-MdFUSB |
| Idioma de catalogación |
spa |
| Agencia que realiza la transcripción |
CO-MdFUSB |
| Agencia que realiza la modificación |
CO-MdFUSB |
| Convenciones de la descripción |
rda |
| 041 0# - CÓDIGO DE IDIOMA |
| Código de idioma para texto/pista de sonido o título separado |
eng |
| 082 04 - NÚMERO DE CLASIFICACIÓN DECIMAL DEWEY |
| Número de clasificación |
226.406 |
| Número de la edición del Dewey |
23 |
| Clave de autor-Numero de item |
K55 |
| 100 1# - ASIENTO PRINCIPAL--NOMBRE PERSONAL |
| Nombre personal |
Kingsbury, Jack Dean |
| Término relacionador |
autor |
| 245 10 - TÍTULO |
| Título del Material |
Conflict in Luke |
| Parte restante del título - Subtitulo |
: Jesus, authorities, disciples |
| Mención de responsabilidad, etc. |
/ Jack Dean Kingsbury |
| 264 #1 - PRODUCCIÓN, PUBLICACIÓN, DISTRIBUCIÓN, MANUFACTURA, Y COPYRIGHT |
| Lugar de producción, publicación, distribución, manufactura |
Minneapolis, Estados Unidos : |
| Nombre del productor, publicador, distribuidor |
Fortress Press, |
| Fecha de producción, publicación, distribución, manufactura, o copyright |
[1991] |
| 264 #4 - PRODUCCIÓN, PUBLICACIÓN, DISTRIBUCIÓN, MANUFACTURA, Y COPYRIGHT |
| Fecha de producción, publicación, distribución, manufactura, o copyright |
©1991 |
| 300 ## - DESCRIPCIÓN FÍSICA |
| Extensión |
180 páginas |
| Dimensiones |
; 21 cm |
| 336 ## - TIPO DE CONTENIDO |
| Fuente |
rdacontent |
| Término de tipo de contenido |
texto |
| Código de tipo de contenido |
txt |
| 337 ## - TIPO DE MEDIO |
| Fuente |
rdamedia |
| Nombre del tipo de medio |
sin mediación |
| Código del tipo de medio |
n |
| 338 ## - TIPO DE SOPORTE |
| Fuente |
rdacarrer |
| Nombre del tipo de soporte |
volumen |
| Código Tipo de soporte |
nc |
| 505 ## - NOTA DE CONTENIDO |
| Título |
Introducción. -- La historia de Jesus. -- La historia de las autoridades. -- La historia de los discipulos. |
| 520 ## - NOTA DE RESUMEN, ETC. |
| Nota de sumario, etc. |
Después de un capítulo introductorio que presenta el contexto del Evangelio de Lucas, destacando los personajes (narrador, Dios, Satanás, Jesús, discípulos, autoridades religiosas, personas, personajes secundarios) y la trama, Kingsbury vuelve a contar el Evangelio como la historia de Jesús, la historia de las autoridades y la historia de los discípulos. Este relato enfatiza a Jesús como el Mesías de Israel y el Hijo de Dios y revela a las autoridades religiosas como santurrones, mientras que los discípulos son vistos como espiritualmente inmaduros. |
| 563 ## - NOTA DE ENCUADERNACIÓN |
| Nota de encuadernación |
Rústica |
| 630 07 - TITULO UNIFORME |
| Título uniforme |
Biblia. |
| Nombre de parte o sección de la obra |
Evangelios |
| 630 07 - TITULO UNIFORME |
| Título uniforme |
Biblia. |
| Subdivisión de forma |
Lucas |
| Subdivisión de materia general |
Crítica, interpretación, etc. |
| 650 #7 - ASIENTO SECUNDARIO DE MATERIA - TERMINO TEMÁTICO |
| Término temático o nombre geográfico como elemento de entrada |
Hermenéutica bíblica |
| Fuente del encabezamiento o término |
embne |
| 9 (RLIN) |
7333 |
| 942 ## - TIPO DE MATERIAL (KOHA) |
| Tipo de Item KOHA |
Libros General |
| 945 ## - INFORMACIÓN LOCAL DEL REGISTRO |
| Catalogador |
Luz Peña |